Mark of the cross / Judith Pella.
"Historical drama set amid kings and Crusades, a story of love lost and found. A son tries desperately to reclaim the love of his father--only to be denied. After years of abandonment will the young man get what he came for?"--Provided by publisher.
Record details
- ISBN: 0764201328
- Physical Description: 448 pages ; 21 cm.
- Publisher: Bloomington, Minn. : Bethany House Publishers, 2006.
Search for related items by subject
| Subject: | Crusades > Fiction. Fathers and sons > Fiction. |
| Genre: | Christian fiction. Historical fiction. |
Available copies
- 1 of 1 copy available at scottsboropl.
Holds
- 0 current holds with 1 total copy.
Show All Copies
| Location | Call Number / Copy Notes | Barcode | Shelving Location | Status | Due Date |
|---|---|---|---|---|---|
| scottsboropl | F Pel | 32269000752249 | Adult - Fiction | Available | - |
| LDR | 01084cam a2200277 a 4500 | ||
|---|---|---|---|
| 001 | 128448 | ||
| 003 | CONS | ||
| 005 | 20140703073304.0 | ||
| 008 | 051114s2006 mnu 000 0 eng | ||
| 010 | . | ‡a 2005032595 | |
| 020 | . | ‡a0764201328 | |
| 035 | . | ‡a(CPomAG)LMN497515 | |
| 050 | 0 | 0. | ‡aPS3566.E415 ‡bM37 2006 |
| 082 | 0 | 0. | ‡a813/.54 ‡222 |
| 100 | 1 | . | ‡aPella, Judith. |
| 245 | 1 | 0. | ‡aMark of the cross / ‡cJudith Pella. |
| 260 | . | ‡aBloomington, Minn. : ‡bBethany House Publishers, ‡c2006. | |
| 300 | . | ‡a448 pages ; ‡c21 cm. | |
| 520 | . | ‡a"Historical drama set amid kings and Crusades, a story of love lost and found. A son tries desperately to reclaim the love of his father--only to be denied. After years of abandonment will the young man get what he came for?"--Provided by publisher. | |
| 650 | 0. | ‡aCrusades ‡vFiction. | |
| 650 | 0. | ‡aFathers and sons ‡vFiction. | |
| 655 | 7. | ‡aChristian fiction. ‡2gsafd | |
| 655 | 7. | ‡aHistorical fiction. ‡2gsafd | |
| 914 | . | ‡dSCP_ng | |
| 959 | . | ‡i32269000752249 ‡lF Pel ‡aAdult - Fiction ‡tFiction ‡g14.00 | |
| 852 | . | ‡p32269000752249 ‡jF Pel ‡gAdult - Fiction ‡cFiction ‡y14.00 ‡bSBPL | |
| 901 | . | ‡a128448 ‡bUnknown ‡c128448 ‡tbiblio | |